[Event "SG Bochum 2 - Elberfelder SG 1"]
[Site "NRW-Klasse, Gruppe 1 2013/201"]
[Date "2013.10.06"]
[Round "2.5"]
[White "Maj, Kornel"]
[Black "Nikolaiczuk, Lothar"]
[Result "0-1"]
[WhiteElo "1888"]
[BlackElo "2196"]
[PlyCount "56"]
[EventDate "2013.??.??"]
[WhiteTeam "Elberfelder SG 1"]
[BlackTeam "SG Bochum 2"]

1. e4 d6 2. d4 Nf6 3. Nc3 g6 4. g3 Bg7 5. Bg2 O-O 6. Nge2 Nc6 7. h3 e5 8. Be3
exd4 9. Nxd4 Bd7 10. O-O Re8 11. f4 Nh5 12. Kh2 f5 13. Qd3 Nf6 14. exf5 Rxe3
15. Qxe3 Nxd4 16. fxg6 Nxc2 17. gxh7+ Kh8 18. Qd2 Nxa1 19. Rxa1 Rb8 20. Be4 Bc6
21. Bg6 d5 22. Qd3 d4 23. Ne2 Qd5 24. Rg1 Rd8 25. g4 Bb5 26. Qd2 Qf3 27. Ng3
Nd5 28. Ne4 Ne3 0-1

[Event "SG Bochum 2 - Elberfelder SG 1"]
[Site "NRW-Klasse, Gruppe 1 2013/201"]
[Date "2013.10.06"]
[Round "2.6"]
[White "Tkachuk, Sergij"]
[Black "Kesseler, Heiko"]
[Result "1-0"]
[WhiteElo "2157"]
[BlackElo "2024"]
[PlyCount "53"]
[EventDate "2013.??.??"]
[WhiteTeam "SG Bochum 2"]
[BlackTeam "Elberfelder SG 1"]

1. e4 c5 2. Nf3 e6 3. d4 cxd4 4. Nxd4 a6 5. Bd3 Qc7 6. Nc3 Nf6 7. Qe2 d6 8. f4
Nc6 9. Be3 Be7 10. O-O O-O 11. Kh1 Bd7 12. Bg1 Rac8 13. Rae1 Nxd4 14. Bxd4 e5
15. Be3 Be6 16. f5 Bd7 17. g4 h6 18. g5 hxg5 19. Bxg5 Bc6 20. Rg1 Ne8 21. Qh5
Bxg5 22. Rxg5 Qe7 23. Re3 b5 24. Rh3 f6 25. Qh7+ Kf7 26. Qg6+ Kg8 27. Rgh5 1-0

[Event "SG Bochum 2 - Elberfelder SG 1"]
[Site "NRW-Klasse, Gruppe 1 2013/201"]
[Date "2013.10.06"]
[Round "2.7"]
[White "Wicht, Juergen"]
[Black "Giraud, Valerian"]
[Result "1-0"]
[WhiteElo "2086"]
[BlackElo "1967"]
[PlyCount "145"]
[EventDate "2013.??.??"]
[WhiteTeam "Elberfelder SG 1"]
[BlackTeam "SG Bochum 2"]

1. d4 Nf6 2. c4 g6 3. Nc3 Bg7 4. e4 d6 5. f4 O-O 6. Nf3 Na6 7. Bd3 Bg4 8. Be3
e5 9. fxe5 dxe5 10. d5 Nh5 11. O-O Nf4 12. c5 Qe7 13. Bxa6 bxa6 14. Qd2 f5 15.
d6 cxd6 16. cxd6 Qd7 17. Bxf4 exf4 18. e5 Qe6 19. Rae1 Bxf3 20. Rxf3 Bxe5 21.
Rd3 Rad8 22. Qe2 Rfe8 23. Rd5 Qxd5 24. Nxd5 Bd4+ 25. Ne3 Bxe3+ 26. Kf1 Rxd6 27.
Qc4+ Kh8 28. g3 g5 29. Qf7 Rde6 30. Qxf5 fxg3 31. hxg3 Kg7 32. Kg2 Re5 33. Qd3
a5 34. Qc3 Kg6 35. Qc6+ R8e6 36. Qc8 Re8 37. Qa6+ Kg7 38. Qc4 R8e7 39. Qd3 Kg8
40. b3 Re8 41. Rh1 R8e7 42. Qd8+ Re8 43. Qc7 R8e7 44. Qc4+ Kg7 45. Qc2 Kg8 46.
Qc4+ Kg7 47. Qd3 Kg8 48. Re1 Kg7 49. Re2 h6 50. a3 R7e6 51. Qc3 Kg6 52. Re1 Kh7
53. b4 axb4 54. axb4 Kg6 55. Qd3+ Kg7 56. Rf1 Bb6 57. Qf3 Re2+ 58. Kh1 Rf2 59.
Rxf2 Bxf2 60. Qxf2 Re7 61. Qf5 Rf7 62. Qe4 Rf1+ 63. Kg2 Rf7 64. Kh3 h5 65. Qe6
Rf2 66. Qe3 Rf5 67. Qxa7+ Kg6 68. Qa6+ Rf6 69. Qd3+ Kh6 70. Kg2 h4 71. Qd4 h3+
72. Kxh3 Kh5 73. g4+ 1-0

[Event "SG Bochum 2 - Elberfelder SG 1"]
[Site "NRW-Klasse, Gruppe 1 2013/201"]
[Date "2013.10.06"]
[Round "2.8"]
[White "Budszuhn, Timo"]
[Black "Bachmann, David"]
[Result "1/2-1/2"]
[WhiteElo "1977"]
[BlackElo "1910"]
[PlyCount "24"]
[EventDate "2013.??.??"]
[WhiteTeam "SG Bochum 2"]
[BlackTeam "Elberfelder SG 1"]

1. e4 c5 2. Nf3 g6 3. d4 cxd4 4. Nxd4 Nc6 5. Be3 Nf6 6. Nc3 Bg7 7. Be2 O-O 8.
O-O d5 9. exd5 Nxd5 10. Nxd5 Qxd5 11. Bf3 Qa5 12. Nb3 Qc7 1/2-1/2

[Event "SK Königsspringer Iserlohn 1 - SF Lieme"]
[Site "NRW-Klasse, Gruppe 1 2013/201"]
[Date "2013.10.06"]
[Round "2.1"]
[White "Schmitz, Philipp"]
[Black "Scheider, Julian"]
[Result "1/2-1/2"]
[WhiteElo "2195"]
[BlackElo "2248"]
[PlyCount "52"]
[EventDate "2013.??.??"]
[WhiteTeam "SF Lieme 1"]
[BlackTeam "SK Königsspringer Iserlohn 1"]

1. e4 c5 2. Nf3 d6 3. d4 cxd4 4. Nxd4 Nf6 5. Nc3 Nc6 6. Bg5 e6 7. Qd2 a6 8.
O-O-O Bd7 9. Nb3 Qc7 10. f4 h6 11. Bxf6 gxf6 12. Kb1 b5 13. a3 Rb8 14. Be2 h5
15. Rhf1 h4 16. Rf3 b4 17. axb4 Nxb4 18. f5 e5 19. Nd5 Nxd5 20. Qxd5 Bc6 21.
Qc4 Qb6 22. Rd2 Qb7 23. Rc3 Bb5 24. Qb4 Bc6 25. Qc4 Bb5 26. Qb4 Bc6 1/2-1/2

[Event "SK Königsspringer Iserlohn 1 - SF Lieme"]
[Site "NRW-Klasse, Gruppe 1 2013/201"]
[Date "2013.10.06"]
[Round "2.2"]
[White "Schmuecker, Marcus"]
[Black "Wittke, Rene"]
[Result "1/2-1/2"]
[WhiteElo "2189"]
[BlackElo "2151"]
[PlyCount "98"]
[EventDate "2013.??.??"]
[WhiteTeam "SK Königsspringer Iserlohn 1"]
[BlackTeam "SF Lieme 1"]

1. Nf3 Nf6 2. c4 Nc6 3. d4 e6 4. g3 Bb4+ 5. Bd2 Bxd2+ 6. Nbxd2 d6 7. Bg2 e5 8.
d5 Nb8 9. O-O a5 10. Qc2 O-O 11. e4 Nbd7 12. b3 Nc5 13. a3 Bd7 14. b4 Na6 15.
Qc3 axb4 16. axb4 c5 17. dxc6 bxc6 18. c5 dxc5 19. bxc5 Qe7 20. Ra5 Nc7 21.
Rfa1 Rxa5 22. Rxa5 Re8 23. h3 Nb5 24. Qe3 Be6 25. Nxe5 Qc7 26. Nec4 Rd8 27. Ra1
h6 28. Rc1 Qd7 29. Kh2 Qd4 30. Qxd4 Rxd4 31. Rc2 Nd7 32. f3 Nxc5 33. Ne5 Na3
34. Rb2 Na4 35. Rb8+ Kh7 36. Nb3 Rd6 37. Bf1 c5 38. Na5 Rd1 39. Bc4 Rd2+ 40.
Kg1 Nxc4 41. Naxc4 Rd1+ 42. Kf2 f6 43. Ne3 Rd2+ 44. Ke1 Rh2 45. Nd3 Rxh3 46.
Nf4 Rh1+ 47. Kd2 Ba2 48. Rb7 Rh2+ 49. Kc1 Rh1+ 1/2-1/2

[Event "SK Königsspringer Iserlohn 1 - SF Lieme"]
[Site "NRW-Klasse, Gruppe 1 2013/201"]
[Date "2013.10.06"]
[Round "2.3"]
[White "Essing, Arnold"]
[Black "Eckardt, Joshua"]
[Result "1-0"]
[WhiteElo "2160"]
[BlackElo "2046"]
[Annotator "Doe,John"]
[PlyCount "97"]
[EventDate "2013.??.??"]
[WhiteTeam "SF Lieme 1"]
[BlackTeam "SK Königsspringer Iserlohn 1"]

1. d4 Nf6 2. Nf3 e6 3. Bg5 h6 4. Bxf6 Qxf6 5. e3 b6 6. Bd3 Bb7 7. O-O d6 8. c4
Nd7 $11 9. Nc3 g6 10. Be4 Bxe4 11. Nxe4 Qe7 12. Qa4 f5 13. Qc6 Rc8 14. Nc3 Kf7
15. Nb5 Nb8 16. Qb7 Bg7 17. Nxa7 Rcd8 18. Nc6 Nxc6 19. Qxc6 Qd7 20. Qxd7+ Rxd7
21. Rfd1 Ra8 22. a4 Ke7 23. b3 c5 24. Rac1 Bf6 25. Kf1 Ra5 26. Rc2 Raa7 27. Ke2
e5 28. dxe5 dxe5 29. Rxd7+ Rxd7 30. Rd2 e4 31. Rxd7+ Kxd7 32. Nd2 Ke6 33. Nb1
g5 34. Kd2 f4 35. Nc3 fxe3+ 36. fxe3 Kf5 37. Nd5 Bd8 38. Ke2 h5 39. Kf2 Ke5 40.
h3 Kf5 41. Ke2 g4 42. Kf2 gxh3 43. gxh3 Kg5 44. Kg3 Kf5 45. Kg2 Kg5 46. Nf4 Be7
47. Ne2 Kh4 48. Ng3 Bf8 49. Nxe4 1-0

[Event "SK Königsspringer Iserlohn 1 - SF Lieme"]
[Site "NRW-Klasse, Gruppe 1 2013/201"]
[Date "2013.10.06"]
[Round "2.4"]
[White "Franke, Thomas"]
[Black "Himpenmacher, Andy"]
[Result "1/2-1/2"]
[WhiteElo "2055"]
[BlackElo "2042"]
[PlyCount "43"]
[EventDate "2013.??.??"]
[WhiteTeam "SK Königsspringer Iserlohn 1"]
[BlackTeam "SF Lieme 1"]

1. c4 e5 2. g3 Nc6 3. Bg2 g6 4. Nc3 Bg7 5. e3 d6 6. Nge2 Nge7 7. O-O O-O 8. Nd5
Be6 9. Re1 Qd7 10. d3 Bxd5 11. cxd5 Nb4 12. Qb3 a5 13. a3 Na6 14. a4 Nc5 15.
Qc2 c6 16. Nc3 Na6 17. Rd1 Nb4 18. Qb3 Rfc8 19. e4 cxd5 20. Bg5 Nec6 21. Nb5
dxe4 22. Bxe4 1/2-1/2

[Event "SK Königsspringer Iserlohn 1 - SF Lieme"]
[Site "NRW-Klasse, Gruppe 1 2013/201"]
[Date "2013.10.06"]
[Round "2.5"]
[White "Schaffarczyk, Andre"]
[Black "Messarius, Juergen"]
[Result "1/2-1/2"]
[WhiteElo "2042"]
[BlackElo "2172"]
[PlyCount "133"]
[EventDate "2013.??.??"]
[WhiteTeam "SF Lieme 1"]
[BlackTeam "SK Königsspringer Iserlohn 1"]

1. e4 e6 2. d4 d5 3. Nc3 Bb4 4. e5 c5 5. a3 Bxc3+ 6. bxc3 Qa5 7. Bd2 Qa4 8. Qb1
c4 9. h4 Nc6 10. Nh3 Bd7 11. Nf4 O-O-O 12. g3 f6 13. exf6 Nxf6 14. Bg2 Qa5 15.
O-O Nxd4 16. cxd4 Qxd2 17. Qb2 Qa5 18. Rab1 Qc7 19. Rfe1 Rde8 20. Re5 b6 21.
Qb4 Qc6 22. h5 Kc7 23. Rg5 Rhg8 24. Re1 a5 25. Qc3 Qd6 26. Rge5 g5 27. hxg6
hxg6 28. Rg5 Qf8 29. Rxg6 Rxg6 30. Nxg6 Qh6 31. Nf4 Nh5 32. Nd3 Rf8 33. Ne5 Ng7
34. Qe3 Qf6 35. Ng4 Qg6 36. Qe2 Nf5 37. c3 Nd6 38. Ne5 Qf5 39. Bf3 Bc8 40. Bg4
Qf6 41. Qb2 b5 42. Bf3 Nf7 43. Bg2 Nxe5 44. dxe5 Qf5 45. Re3 Qh5 46. Qxb5 Qd1+
47. Bf1 Rh8 48. Qc5+ Kd7 49. Qd4 Qxd4 50. cxd4 Ba6 51. f4 Rb8 52. Kf2 Rb2+ 53.
Ke1 Rb1+ 54. Kf2 Rd1 55. Bh3 Rxd4 56. f5 Rd2+ 57. Re2 Rxe2+ 58. Kxe2 c3+ 59.
Kd1 Bd3 60. f6 Bg6 61. Bf1 d4 62. Bb5+ Kc7 63. Bd3 Bh5+ 64. Kc2 Kd7 65. Bb5+
Kd8 66. Bc4 Bg4 67. Bb5 1/2-1/2

[Event "SK Königsspringer Iserlohn 1 - SF Lieme"]
[Site "NRW-Klasse, Gruppe 1 2013/201"]
[Date "2013.10.06"]
[Round "2.6"]
[White "Klauke, Stefan"]
[Black "Stukenbrok, Nils"]
[Result "1-0"]
[WhiteElo "2059"]
[BlackElo "2002"]
[PlyCount "77"]
[EventDate "2013.??.??"]
[WhiteTeam "SK Königsspringer Iserlohn 1"]
[BlackTeam "SF Lieme 1"]

1. e4 e6 2. d4 d5 3. Nc3 Bb4 4. exd5 exd5 5. Qf3 Nf6 6. Bg5 Qe7+ 7. Nge2 Bxc3+
8. Qxc3 Nc6 9. O-O-O Ne4 10. Bxe7 Nxc3 11. Nxc3 Nxe7 12. Nb5 Kd7 13. g3 Re8 14.
c4 c6 15. Nc3 Kc7 16. cxd5 Nxd5 17. Nxd5+ cxd5 18. Bg2 Kd6 19. Kd2 Bf5 20. Rc1
g5 21. h4 h6 22. hxg5 hxg5 23. Rc5 Be6 24. Rh6 Rh8 25. Rxd5+ Kc7 26. Rc5+ Kb6
27. Rxh8 Rxh8 28. a4 Bd7 29. a5+ Ka6 30. Rxg5 f5 31. Rg7 Rd8 32. Rg6+ Kxa5 33.
Rd6 f4 34. Bxb7 fxg3 35. fxg3 Rg8 36. Rxd7 Rxg3 37. Be4 Kb4 38. Rxa7 Rg4 39.
Ke3 1-0

[Event "SK Königsspringer Iserlohn 1 - SF Lieme"]
[Site "NRW-Klasse, Gruppe 1 2013/201"]
[Date "2013.10.06"]
[Round "2.7"]
[White "Stork, Holger"]
[Black "Kramps, Rene"]
[Result "1/2-1/2"]
[WhiteElo "2006"]
[BlackElo "2068"]
[PlyCount "89"]
[EventDate "2013.??.??"]
[WhiteTeam "SF Lieme 1"]
[BlackTeam "SK Königsspringer Iserlohn 1"]

1. e4 e6 2. d3 d5 3. Nd2 Nf6 4. Ngf3 Be7 5. g3 c5 6. Bg2 Nc6 7. O-O b5 8. exd5
exd5 9. c4 Bf5 10. cxd5 Nxd5 11. Nb3 Rc8 12. a3 a5 13. d4 c4 14. Nc5 O-O 15.
Re1 c3 16. bxc3 Nxc3 17. Qb3 Nxd4 18. Nxd4 Qxd4 19. Be3 Qc4 20. Qxc4 bxc4 21.
Bd2 Bf6 22. Rac1 Na2 23. Rxc4 Bd3 24. Nxd3 Rxc4 25. Bxa5 Bc3 26. Bxc3 Rxc3 27.
Ne5 Rd8 28. a4 Nb4 29. Rb1 f6 30. Rxb4 fxe5 31. Bf1 Rd4 32. Rb8+ Kf7 33. Bb5
Ra3 34. Ra8 Rb4 35. Rc8 e4 36. Rc2 Kf6 37. Kg2 h6 38. h4 g5 39. hxg5+ hxg5 40.
Rc6+ Ke5 41. Rc5+ Kf6 42. Rc6+ Kg7 43. Rc7+ Kf6 44. Rc6+ Ke5 45. Rc5+ 1/2-1/2

[Event "SK Königsspringer Iserlohn 1 - SF Lieme"]
[Site "NRW-Klasse, Gruppe 1 2013/201"]
[Date "2013.10.06"]
[Round "2.8"]
[White "Glatzel, Jonas"]
[Black "Schulte, Oliver"]
[Result "1/2-1/2"]
[WhiteElo "2010"]
[BlackElo "1991"]
[PlyCount "115"]
[EventDate "2013.??.??"]
[WhiteTeam "SK Königsspringer Iserlohn 1"]
[BlackTeam "SF Lieme 1"]

1. e4 c6 2. d4 d5 3. exd5 cxd5 4. c4 Nf6 5. Nc3 Nc6 6. Bg5 Be6 7. Nf3 h6 8.
Bxf6 gxf6 9. c5 Rg8 10. g3 Qd7 11. a3 Bg4 12. Bb5 Qf5 13. Be2 O-O-O 14. Nh4 Qe6
15. O-O Bxe2 16. Nxe2 Qe4 17. Ng2 e5 18. f3 Qf5 19. b4 h5 20. b5 Na5 21. Rc1
Nc4 22. Qa4 Kb8 23. b6 a6 24. c6 Rc8 25. c7+ Ka8 26. Rb1 Bd6 27. Rb5 Qd3 28.
dxe5 Nxb6 29. Rxb6 Bc5+ 30. Kh1 Bxb6 31. Ngf4 Qc4 32. Qd7 Rxc7 33. Qxd5 fxe5
34. Qxe5 Qc5 35. Nd5 Rc6 36. Rb1 Bc7 37. Qxh5 Rd8 38. Nxc7+ Rxc7 39. Qxc5 Rxc5
40. h4 Rd3 41. Kg2 Rxa3 42. g4 Ra2 43. Kf2 Re5 44. Re1 b5 45. h5 Rd2 46. h6 b4
47. f4 Re8 48. h7 Kb7 49. g5 Rh8 50. Rh1 Rd6 51. f5 a5 52. Nf4 b3 53. g6 fxg6
54. fxg6 Rd7 55. Nd3 Rxd3 56. g7 Rdd8 57. gxh8=Q Rxh8 58. Ke3 1/2-1/2

[Event "Bielefelder SK 1 - SG Niederkassel 1"]
[Site "NRW-Klasse, Gruppe 1 2013/201"]
[Date "2013.10.06"]
[Round "2.1"]
[White "Stanetzek, Carsten"]
[Black "Malcher, Werner"]
[Result "0-1"]
[WhiteElo "2232"]
[BlackElo "2322"]
[PlyCount "94"]
[EventDate "2013.??.??"]
[WhiteTeam "SG Niederkassel 1"]
[BlackTeam "Bielefelder SK 1"]

1. e4 c5 2. Nf3 d6 3. Bb5+ Nd7 4. O-O a6 5. Bxd7+ Bxd7 6. d4 cxd4 7. Qxd4 e5 8.
Qd3 Be7 9. Nc3 Rc8 10. Rd1 Be6 11. Nd5 Bxd5 12. Qxd5 Rc6 13. c4 Nf6 14. Qd3 O-O
15. b3 Qc7 16. Bg5 Nh5 17. Be3 Qc8 18. h3 Re8 19. a4 Bd8 20. a5 h6 21. Ra2 Qe6
22. Kh1 Kh7 23. Ng1 Bg5 24. Ne2 Qg6 25. Nc3 Bxe3 26. Qxe3 Nf4 27. Qf3 Ne6 28.
Nd5 Ng5 29. Qg4 Qxe4 30. Qd7 Re6 31. Ne7 Nxh3 32. Qd8 Nxf2+ 33. Kg1 Rxe7 34.
Rxf2 Rcc7 35. Qxd6 Qg4 36. Rd5 Rcd7 37. Qc5 Rxd5 38. cxd5 Rd7 39. Rd2 Qf4 40.
Qc8 Rd6 41. Qc5 e4 42. Rf2 Qe5 43. Rxf7 Rxd5 44. Qc2 Rxa5 45. Rxb7 Qd4+ 46. Kh2
Rh5+ 47. Kg3 Qe3+ 0-1

[Event "Bielefelder SK 1 - SG Niederkassel 1"]
[Site "NRW-Klasse, Gruppe 1 2013/201"]
[Date "2013.10.06"]
[Round "2.2"]
[White "Forchert, Martin"]
[Black "Riedel, Holger"]
[Result "1-0"]
[WhiteElo "2276"]
[BlackElo "2179"]
[PlyCount "105"]
[EventDate "2013.??.??"]
[WhiteTeam "Bielefelder SK 1"]
[BlackTeam "SG Niederkassel 1"]

1. e4 e6 2. d4 d5 3. Nd2 Be7 4. Bd3 c5 5. dxc5 Nf6 6. Qe2 Nc6 7. Ngf3 O-O 8.
O-O Nd7 9. Nb3 Nxc5 10. Nxc5 Bxc5 11. c3 a5 12. Be3 Bxe3 13. Qxe3 Qc7 14. Rad1
b6 15. Rfe1 Bd7 16. Bc2 Ne7 17. Qd3 Ng6 18. exd5 exd5 19. Qxd5 Bc6 20. Qh5 Rae8
21. Ng5 h6 22. Ne6 Rxe6 23. Rxe6 Nf4 24. Rxc6 Qxc6 25. Qg4 g5 26. h4 f5 27. Qf3
Qxf3 28. gxf3 g4 29. Kh2 h5 30. Rd2 Ng6 31. fxg4 Ne5 32. Rd5 Nf3+ 33. Kg3 fxg4
34. Rxh5 Ne1 35. Be4 Rd8 36. Rd5 Re8 37. Kf4 Rf8+ 38. Rf5 Rd8 39. Bd5+ Kg7 40.
Kxg4 Nd3 41. c4 Rf8 42. Rxf8 Kxf8 43. b3 Nc1 44. Kf5 Kg7 45. c5 bxc5 46. a4 Nd3
47. f4 Kh6 48. Bf7 Kg7 49. Bc4 Ne1 50. Ke6 Ng2 51. f5 Nxh4 52. Bd5 Kf8 53. Be4
1-0

[Event "Bielefelder SK 1 - SG Niederkassel 1"]
[Site "NRW-Klasse, Gruppe 1 2013/201"]
[Date "2013.10.06"]
[Round "2.3"]
[White "Mende, Andreas"]
[Black "Simon, Hans Christian"]
[Result "1/2-1/2"]
[WhiteElo "2132"]
[BlackElo "2143"]
[PlyCount "47"]
[EventDate "2013.??.??"]
[WhiteTeam "SG Niederkassel 1"]
[BlackTeam "Bielefelder SK 1"]

1. d4 f5 2. Nf3 Nf6 3. g3 g6 4. Bg2 Bg7 5. O-O O-O 6. b3 d6 7. Bb2 Qe8 8. c4
Na6 9. Qc2 Rb8 10. Nc3 c6 11. Rfe1 b5 12. Rad1 bxc4 13. bxc4 Qf7 14. Nd2 Bd7
15. a3 e5 16. d5 cxd5 17. Nxd5 Nc5 18. Nxf6+ Qxf6 19. Bd5+ Kh8 20. Rb1 Qd8 21.
Bc3 Ba4 22. Rxb8 Qxb8 23. Qa2 Qc7 24. Rb1 1/2-1/2

[Event "Bielefelder SK 1 - SG Niederkassel 1"]
[Site "NRW-Klasse, Gruppe 1 2013/201"]
[Date "2013.10.06"]
[Round "2.4"]
[White "Goeßling, Guido"]
[Black "Rybarczyk, Klaus"]
[Result "0-1"]
[WhiteElo "2143"]
[BlackElo "2129"]
[PlyCount "126"]
[EventDate "2013.??.??"]
[WhiteTeam "Bielefelder SK 1"]
[BlackTeam "SG Niederkassel 1"]

1. e4 c5 2. Nf3 d6 3. d4 cxd4 4. Nxd4 Nf6 5. Nc3 a6 6. f4 Nbd7 7. a4 g6 8. Be2
Bg7 9. O-O O-O 10. Nf3 Qc7 11. Qe1 Nb6 12. Qh4 Bg4 13. e5 Bxf3 14. Bxf3 dxe5
15. fxe5 Qxe5 16. Bxb7 Ra7 17. Bf3 Qc5+ 18. Qf2 Qxf2+ 19. Kxf2 Nc4 20. Ra2 Nd7
21. Nd5 Nde5 22. Be2 a5 23. Rd1 e6 24. Ne3 Nb6 25. b3 Nc6 26. Bb2 Nb4 27. Bxg7
Kxg7 28. Rb2 Rc8 29. Rd6 N6d5 30. Bc4 Nc3 31. Ke1 Rcc7 32. Nd1 Nxa4 33. bxa4
Rxc4 34. Ne3 Rc3 35. Kd2 Rac7 36. Rb3 R3c5 37. c3 Nc6 38. Rb5 Ne5 39. Ra6 Nc4+
40. Nxc4 Rxc4 41. Raxa5 Rxc3 42. Rb2 Ra3 43. Ra8 Rc4 44. a5 Rca4 45. Ke2 Rxa5
46. Rxa5 Rxa5 47. Kf2 g5 48. h3 h5 49. Kg3 f5 50. Rb8 Ra3+ 51. Kf2 g4 52. hxg4
hxg4 53. Re8 Kf6 54. Rb8 f4 55. Rb5 Ra2+ 56. Kf1 e5 57. Rb8 Kf5 58. Rb4 Ra1+
59. Ke2 g3 60. Rb2 Rg1 61. Kd3 e4+ 62. Kd4 Rd1+ 63. Kc3 f3 0-1

[Event "Bielefelder SK 1 - SG Niederkassel 1"]
[Site "NRW-Klasse, Gruppe 1 2013/201"]
[Date "2013.10.06"]
[Round "2.5"]
[White "Broehl, Stephan"]
[Black "Forchert, Niko"]
[Result "1/2-1/2"]
[WhiteElo "2120"]
[BlackElo "2123"]
[PlyCount "112"]
[EventDate "2013.??.??"]
[WhiteTeam "SG Niederkassel 1"]
[BlackTeam "Bielefelder SK 1"]

1. e4 d5 2. exd5 Qxd5 3. Nc3 Qd6 4. d4 c6 5. Nf3 Bf5 6. Ne5 e6 7. g4 Bg6 8. h4
f6 9. Nc4 Qd7 10. h5 Bf7 11. Bf4 b5 12. Ne3 Bb4 13. Qd3 Ne7 14. O-O-O Bxc3 15.
Qxc3 Nd5 16. Nxd5 Qxd5 17. Be2 O-O 18. h6 g5 19. Bf3 b4 20. Qd3 Qxa2 21. Bd6
Re8 22. Be4 Qa1+ 23. Kd2 Qxb2 24. Bxh7+ Kh8 25. Be4 Nd7 26. Rb1 Qc3+ 27. Qxc3
bxc3+ 28. Kc1 e5 29. Bxc6 exd4 30. Bxd7 Re2 31. Bf5 Bd5 32. Rd1 Bf3 33. Rb4
Rae8 34. Kb1 Re1 35. Rxe1 Rxe1+ 36. Ka2 Bd5+ 37. Rb3 a5 38. Bf8 a4 39. Bg7+ Kg8
40. Bxf6 axb3+ 41. cxb3 Rh1 42. h7+ Rxh7 43. Bxh7+ Kxh7 44. Bxd4 c2 45. Be3 Kg6
46. f4 gxf4 47. Bxf4 Kf7 48. Ka3 Ke6 49. Ka4 Kd7 50. b4 Kc6 51. g5 Be4 52. Ka5
Bd3 53. Be3 Kb7 54. b5 Bg6 55. Kb4 Bf5 56. Kc3 Bg6 1/2-1/2

[Event "Bielefelder SK 1 - SG Niederkassel 1"]
[Site "NRW-Klasse, Gruppe 1 2013/201"]
[Date "2013.10.06"]
[Round "2.6"]
[White "Danielmeier, Ralf"]
[Black "Bussard, Christian"]
[Result "1-0"]
[WhiteElo "2086"]
[BlackElo "2096"]
[PlyCount "103"]
[EventDate "2013.??.??"]
[WhiteTeam "Bielefelder SK 1"]
[BlackTeam "SG Niederkassel 1"]

1. e4 e5 2. Bc4 d6 3. Nc3 Nf6 4. d3 Be7 5. Nge2 Nc6 6. O-O Na5 7. a4 Nxc4 8.
dxc4 c6 9. Qd3 O-O 10. b3 a5 11. Ba3 Qc7 12. Rad1 Rd8 13. Rd2 Be6 14. Rfd1 d5
15. Bxe7 Qxe7 16. cxd5 cxd5 17. exd5 Nxd5 18. Qb5 Nxc3 19. Nxc3 Rxd2 20. Rxd2
Qc7 21. Qd3 h6 22. Nb5 Qc6 23. Qe2 Bd5 24. Rxd5 Qxd5 25. Nc7 Qd8 26. Nxa8 Qxa8
27. Qxe5 Qd8 28. Qe2 Qg5 29. g3 g6 30. h4 Qc5 31. Qe8+ Kg7 32. Qe4 b6 33. Kf1
Qd6 34. Qc4 Qd1+ 35. Kg2 Qd7 36. c3 Kh7 37. b4 axb4 38. cxb4 Kg7 39. a5 Qb7+
40. Kg1 bxa5 41. Qd4+ Kh7 42. bxa5 Qb1+ 43. Kh2 Qa2 44. Qb6 g5 45. hxg5 hxg5
46. a6 g4 47. a7 Kg7 48. Qd4+ f6 49. Qxg4+ Kf7 50. Qd4 Qa5 51. Qe4 Qh5+ 52. Kg2
1-0

[Event "Bielefelder SK 1 - SG Niederkassel 1"]
[Site "NRW-Klasse, Gruppe 1 2013/201"]
[Date "2013.10.06"]
[Round "2.7"]
[White "Dierkes, Tobias"]
[Black "Gruettemeier, Uwe"]
[Result "1-0"]
[WhiteElo "2071"]
[BlackElo "2050"]
[PlyCount "89"]
[EventDate "2013.??.??"]
[WhiteTeam "SG Niederkassel 1"]
[BlackTeam "Bielefelder SK 1"]

1. d4 c6 2. c4 g6 3. Nf3 Bg7 4. Nc3 d6 5. g3 Nf6 6. Bg2 O-O 7. O-O Bf5 8. Nh4
Be6 9. b3 d5 10. cxd5 cxd5 11. Bb2 Nc6 12. e3 Qd7 13. Re1 h6 14. Na4 b6 15. Bf1
Qb7 16. Rc1 Rac8 17. Bd3 Nb8 18. Rxc8 Rxc8 19. Qe2 Rc7 20. Nc3 Bd7 21. f3 Ne8
22. Ng2 g5 23. h4 Nd6 24. hxg5 hxg5 25. Nd1 Qc8 26. Ba3 Bf5 27. Bxd6 exd6 28.
g4 Bxd3 29. Qxd3 Rc1 30. Nf2 Rc2 31. Re2 Rc1+ 32. Re1 Rc2 33. Re2 Rc1+ 34. Kh2
Na6 35. Nh1 Nb4 36. Qb5 Qa6 37. Qe8+ Bf8 38. Ng3 Qc8 39. Qb5 a5 40. Qxb6 Qa6
41. Qd8 Qd3 42. Qxg5+ Kh8 43. Nf4 Qd1 44. Kh3 Nd3 45. Nfh5 1-0

[Event "Bielefelder SK 1 - SG Niederkassel 1"]
[Site "NRW-Klasse, Gruppe 1 2013/201"]
[Date "2013.10.06"]
[Round "2.8"]
[White "Burg, Michael"]
[Black "Guelsen, Taylan"]
[Result "1-0"]
[WhiteElo "1904"]
[BlackElo "2025"]
[PlyCount "61"]
[EventDate "2013.??.??"]
[WhiteTeam "Bielefelder SK 1"]
[BlackTeam "SG Niederkassel 1"]

1. e4 c5 2. Nf3 d6 3. d4 cxd4 4. Nxd4 e5 5. Nf3 Nc6 6. Nc3 Nf6 7. Be2 Be7 8.
O-O O-O 9. h3 h6 10. Be3 Be6 11. Qd2 d5 12. exd5 Nxd5 13. Nxd5 Qxd5 14. Qxd5
Bxd5 15. Rfd1 Rfd8 16. a3 f5 17. Rxd5 Rxd5 18. Bc4 Rad8 19. Rd1 e4 20. Rxd5 Kh7
21. Rxd8 Bxd8 22. Nd4 Ne5 23. Bd5 g6 24. Ne6 Be7 25. Bxa7 Nc6 26. Bxc6 bxc6 27.
Bc5 Bf6 28. Nd4 f4 29. a4 e3 30. fxe3 fxe3 31. Kf1 1-0

[Event "Oberhausener SV 1 - SG Bochum 2"]
[Site "NRW-Klasse, Gruppe 1 2013/201"]
[Date "2013.11.17"]
[Round "3.1"]
[White "Dahm, Jochen"]
[Black "Hort, Vlastimil"]
[Result "1/2-1/2"]
[WhiteElo "2248"]
[BlackElo "2388"]
[Annotator "Doe,John"]
[PlyCount "94"]
[EventDate "2013.??.??"]
[WhiteTeam "SG Bochum 2"]
[BlackTeam "Oberhausener SV 1"]

1. e4 e5 2. Nf3 Nc6 3. Bb5 a6 4. Ba4 d6 5. O-O Bd7 6. c3 g6 7. d4 Bg7 8. Re1
Nge7 9. d5 Nb8 10. Bxd7+ Nxd7 11. c4 h6 12. Nc3 O-O 13. b4 f5 14. Nd2 Nf6 15.
a4 h5 16. Nf3 Nh7 17. Ng5 Nxg5 18. Bxg5 f4 19. Bxe7 Qxe7 20. f3 a5 21. Rb1 axb4
22. Rxb4 b6 23. Rb5 g5 24. Re2 Ra7 25. Ra2 Rfa8 26. c5 bxc5 27. Qb3 Qd8 28. Rb2
Bf6 29. Ra2 Qc8 $11 30. Nb1 Ra5 31. Nd2 g4 32. Rxa5 Rxa5 33. Nc4 Ra8 34. Rb2
gxf3 35. gxf3 Qa6 36. a5 h4 37. Qb7 Qxb7 38. Rxb7 h3 39. Kf1 Bd8 40. Ke2 Kg7
41. Rb1 Bf6 42. Ra1 Ra6 43. Rb1 Ra8 44. Rb2 Bh4 45. Kf1 Bg5 46. Ra2 Ra6 47. Rb2
Ra8 1/2-1/2

[Event "Oberhausener SV 1 - SG Bochum 2"]
[Site "NRW-Klasse, Gruppe 1 2013/201"]
[Date "2013.11.17"]
[Round "3.2"]
[White "Becker, Marcel"]
[Black "Tkachuk, Konstantyn"]
[Result "0-1"]
[WhiteElo "2345"]
[BlackElo "2236"]
[PlyCount "58"]
[EventDate "2013.??.??"]
[WhiteTeam "Oberhausener SV 1"]
[BlackTeam "SG Bochum 2"]

1. d4 c5 2. d5 e5 3. e4 d6 4. Nc3 g6 5. Bb5+ Nd7 6. a4 Bg7 7. Nf3 Ne7 8. Nd2
O-O 9. Nc4 Nb6 10. O-O f5 11. f4 a6 12. Nxb6 Qxb6 13. a5 Qc7 14. Bc4 Bd7 15.
fxe5 Bxe5 16. Bh6 Rf7 17. Qd2 Re8 18. Bf4 Bxc3 19. Qxc3 fxe4 20. Rae1 Nf5 21.
Bg5 h6 22. Bc1 g5 23. Be2 Bb5 24. Bh5 Bxf1 25. Rxf1 Ref8 26. Qh3 Rf6 27. Bd2
Qe7 28. Bc3 Nd4 29. Rc1 e3 0-1

[Event "Oberhausener SV 1 - SG Bochum 2"]
[Site "NRW-Klasse, Gruppe 1 2013/201"]
[Date "2013.11.17"]
[Round "3.3"]
[White "Schlawin, Marlon"]
[Black "Kaufeld, Juergen"]
[Result "1/2-1/2"]
[WhiteElo "2234"]
[BlackElo "2315"]
[PlyCount "22"]
[EventDate "2013.??.??"]
[WhiteTeam "SG Bochum 2"]
[BlackTeam "Oberhausener SV 1"]

1. e4 c5 2. Nf3 d6 3. c3 Nf6 4. Bd3 g6 5. O-O Bg7 6. Bc2 O-O 7. d4 Bg4 8. Nbd2
cxd4 9. cxd4 Nc6 10. h3 Bxf3 11. Nxf3 Qb6 1/2-1/2